Loading...
| Science - Biology | 1 | 6 | 2 | 2 | 65 | 41 | 96.14 | 1 | 6 |
| Science - Chemistry | 2 | 2 | 1 | 1 | 45 | 54 | 75.00 | 1 | 2 |
| Fine Arts - Painting and Sculpture | 0 | 4 | 0 | 1 | 40 | 103 | 126.75 | 0 | 0 |
| Philosophy | 0 | 3 | 0 | 0 | 30 | 123 | 137.00 | 0 | 0 |
| History - Other History | 1 | 1 | 0 | 1 | 25 | 77 | 108.50 | 0 | 1 |
| Literature - European Literature | 0 | 2 | 0 | 0 | 20 | 135 | 136.50 | 0 | 0 |
| Religion | 0 | 2 | 0 | 0 | 20 | 107 | 109.50 | 0 | 0 |
| Social Science | 0 | 1 | 0 | 0 | 10 | 143 | 143.00 | 0 | 0 |
| History - World History | 0 | 1 | 0 | 0 | 10 | 110 | 110.00 | 0 | 1 |
| Literature - American Literature | 0 | 1 | 0 | 0 | 10 | 109 | 109.00 | 0 | 0 |
| Literature - World Literature | 0 | 1 | 0 | 0 | 10 | 127 | 127.00 | 0 | 0 |
| Mythology | 0 | 1 | 0 | 0 | 10 | 152 | 152.00 | 0 | 0 |
| Other Science (Math) | 0 | 1 | 0 | 0 | 10 | 137 | 137.00 | 0 | 0 |
| Science - Physics | 0 | 1 | 0 | 0 | 10 | 115 | 115.00 | 0 | 0 |
| Fine Arts - Classical Music and Opera | 0 | 1 | 0 | 0 | 10 | 147 | 147.00 | 0 | 0 |
| History - European History | 0 | 0 | 1 | 0 | -5 | 0.00 | 0 | 0 | |
| Fine Arts - Other Arts | 0 | 0 | 1 | 0 | -5 | 0.00 | 0 | 0 |